Memòria del curs 1906-07 : any 1er. de son funcionament / Escòla de Mèstres any 1er. de son funcionament / Escòla de Mèstres
Descripción Física:
44 p. : il. ; 22 cm
MARC
| LEADER | 00000nam a2200000Ia 4500 | ||
|---|---|---|---|
| 001 | 16099 | ||
| 003 | BGR | ||
| 005 | 20260410113653.0 | ||
| 008 | 160829s9999 xx 000 0 cat d | ||
| 008 | 160829s9999 xx 000 0 cat d | ||
| 080 | |a RF-14-27 | ||
| 110 | 1 | |a Escola de Mestres (Barcelona) |9 70782 | |
| 245 | |a Memòria del curs 1906-07 : |b any 1er. de son funcionament / Escòla de Mèstres | ||
| 260 | |a Barcelona : |b Escòla de Mèstres, [1907?] | ||
| 300 | |a 44 p. : |b il. ; |c 22 cm | ||
| 362 | |a 1er (1906/07) | ||
| 590 | |a Anual. | ||
| 590 | |a Director Joan Bardina. | ||
| 590 | |a Prové de 2292, exp. 1 | ||
| 650 | |a Escola de Mestres (Barcelona) |x Memòries |9 46982 | ||
| 856 | 4 | |u https://media.diba.cat/diba/fitxers/arxiu/fulletons/bib_16099_1907_baixa.pdf |y Accés lliure | |
| 856 | 4 | |u https://media.diba.cat/diba/fitxers/arxiu/fulletons/bib_16099_1907_baixa.pdf |y Accés lliure | |
| 900 | |a bib_16099_1907_baixa.pdf | ||
| 901 | |a Arxiu | ||
| 942 | |n 1 |2 udc |c MON | ||
| 952 | |0 0 |1 0 |4 0 |6 RF1427 |7 1 |9 53574 |a Arxiu |b Arxiu |d 2016-12-01 |l 0 |o RF-14-27 |p 16099 |r 2016-12-01 00:00:00 |w 2016-12-01 |y ARXIU | ||
| 999 | |c 57440 |d 57440 | ||